Normal view
MARC view
- الزواج -- قوانين وتشريعات -- الأردن -- الزواج (فقه إسلامي)-- الأحوال الشخصية للمسلمين -- الزواج (فقه إسلامي)-- الأحوال الشخصية -- قوانين وتشريعات -- الأردن
Entry Topical Term
001 - CONTROL NUMBER
- control field: 8441
003 - CONTROL NUMBER IDENTIFIER
- control field: JO-AjAnu
005 - DATE AND TIME OF LATEST TRANSACTION
- control field: 20230606071648.0
008 - FIXED-LENGTH DATA ELEMENTS
- fixed length control field: 230606|| aca||aabn | a|a d
040 ## - CATALOGING SOURCE
- Original cataloging agency: JO-AjAnu
- Transcribing agency: JO-AjAnu
150 ## - HEADING--TOPICAL TERM
- Topical term or geographic name entry element: الزواج -- قوانين وتشريعات -- الأردن -- الزواج (فقه إسلامي)-- الأحوال الشخصية للمسلمين -- الزواج (فقه إسلامي)-- الأحوال الشخصية -- قوانين وتشريعات -- الأردن
670 ## - SOURCE DATA FOUND
- Source citation: Work cat.: (JO-AjAnu)4357: تأليف أبو يحيى، محمد حسن , author 8440, أحكام الزواج في الشريعة الإسلامية : دراسة فقهية مقارنة بقانون الأحوال الشخصية الأردني